| 000 | 00446cam a22001451 4500 | ||
|---|---|---|---|
| 040 | _cMeB | ||
| 082 | _a634 RON 1958 A040 Or. | ||
| 245 | 1 | 4 |
_aThe physiology of forest trees; _ba symposium held at the Harvard Forest, April 1957, |
| 260 |
_aNew York, _bRonald Press Co. _c[1958] |
||
| 300 |
_axvi, 678 p. _billus., diagrs., tables. _c24 cm. |
||
| 650 | 0 | _aTrees | |
| 700 | 1 | _aThimann, Kenneth Vivian, | |
| 710 | 2 | _aHarvard University. | |
| 942 | _cEK | ||
| 999 |
_c12233 _d12233 |
||